00659nam a2200205 i 4500001000300000245007600003260005900079300004900138500004900187500004500236650002500281700002600306020001500332020001500347020001800362040000800380041000800388080001600396008004100412bg00aLongman dictionary of contemporary English /c[director Della Summers]. aHarlow :bLongman :bPearson Education Limited,c2003. aXVII, 1949 s. :bil. ;c23 cm +e2 x CD ROM. aTyt. grzbiet.: Longman contemporary English. aNa okł. podtyt.: the living dictionary. 4aSłowniki angielskie1 aSUMMERS, Della.eRed. a0582776465 a1405811269 a9781405811262 cBPK0 aeng a811.111'374 s pl f |000 0 pol